000 01088nam a22003137a 4500
003 CHAP
005 20220329140542.0
008 971013s1982 r 00010 d
010 _a53795
011 _a54767
035 _a58918
040 _cCHAP
082 _a574.8734
_bW4Y
100 0 0 _aWhittaker, Peter.
_9121777
245 _aMitocondria
_b: estructura, función y formación
260 _aMéxico, D.F. :
_bCECSA,
_c1982
300 _a173 p.
_b: ilus. ; gráfs.
490 _aTemas integrados a la biología
590 _aBATCH-UPD
_b10
_c20130110
_lUCH01
_h2152
590 _aBATCH-UPD
_b10
_c20130410
_lUCH01
_h1500
590 _aBATCH-UPD
_b10
_c20130914
_lUCH01
_h2043
590 _aCONVERSION
_b10
_c20130109
_lUCH01
_h1329
830 0 _aTemas integrados a la biología
_9112158
901 _aBK
942 _cLIBRO
949 _a574.8734 W4Y
_bBC
_cLIBRO
_d33724000474425
_eLIBRO
_fc.2
_h64150
_i58918
_si
949 _a574.8734 W4Y
_bBC
_cLIBRO
_d33724000474433
_eLIBRO
_gI.c/e
_h64149
_i58918
_si
949 _a574.8734 W4Y
_bBC
_cLIBRO
_d33724000474441
_eLIBRO
_fc.3
_gI.c/e
_h64151
_i58918
_si
999 _c53795
_d53795